Chosen : (Record no. 35887)

MARC details
000 -LEADER
fixed length control field 00836nam a2200265 a 4500
005 - DATE AND TIME OF LATEST TRANSACTION
control field 20190917120104.0
008 - FIXED-LENGTH DATA ELEMENTS--GENERAL INFORMATION
fixed length control field 071121s2008 nyu 000 1 eng
010 ## - LCCN (DPL NO)
LC control number B-416774-786
020 ## - INTERNATIONAL STANDARD BOOK NUMBER
International Standard Book Number 9781905654338
Terms of availability 299.00
035 ## - SYSTEM CONTROL NUMBER
System control number B-416774-786
037 ## - SOURCE OF ACQUISITION
Source of stock number/acquisition UBH
040 ## - CATALOGING SOURCE
Original cataloging agency dpl
Language of cataloging English
082 ## - DEWEY DECIMAL CLASSIFICATION NUMBER
Classification number N
100 ## - MAIN ENTRY--PERSONAL NAME
Personal name Cast, P. C.
9 (RLIN) 21381
245 ## - TITLE STATEMENT
Title Chosen :
Remainder of title a house of night novel /
Statement of responsibility, etc by P.C. Cast [and] Kristin Cast
260 ## - PUBLICATION, DISTRIBUTION, ETC. (IMPRINT)
Place of publication, distribution, etc London
Name of publisher, distributor, etc Atom
Date of publication, distribution, etc 2009(repr.).
270 ## - ADDRESS
Address 100 Victoria Embankment
City London
300 ## - PHYSICAL DESCRIPTION
Extent 323p. ;
Dimensions 21 cm(pbk)
650 ## - SUBJECT ADDED ENTRY--TOPICAL TERM
Topical term or geographic name as entry element Vampires
Form subdivision Fiction.
9 (RLIN) 21382
655 ## - INDEX TERM--GENRE/FORM
Genre/form data or focus term Fantasy fiction.
Source of term gsafd
655 ## - INDEX TERM--GENRE/FORM
Genre/form data or focus term Occult fiction.
Source of term gsafd
700 ## - ADDED ENTRY--PERSONAL NAME
Personal name Cast, Kristin
9 (RLIN) 21385
942 ## - ADDED ENTRY ELEMENTS (KOHA)
Source of classification or shelving scheme Dewey Decimal Classification
Item type English Books
Call number suffix CAS
Classification part N
Holdings
Withdrawn status Lost status Source of classification or shelving scheme Damaged status Not for loan Collection code Home library Current library Date acquired Source of acquisition Cost, normal purchase price Total Checkouts Full call number Barcode Date last seen Copy number Cost, replacement price Koha item type Total Renewals
Withdrawn   Dewey Decimal Classification     Fiction Andrews Gunj Andrews Gunj 24/09/2010 UBH/054/22.7.10/64/1.7.10/27.7.10 299.00   N CAS B-416780 24/09/2010 1 299.00 English Books  
    Dewey Decimal Classification     Fiction Bawana Bawana 24/09/2010 UBH/054/22.7.10/64/1.7.10/27.7.10 299.00 4 N CAS B-416785 06/02/2020 1 299.00 English Books  
  Lost and Paid For Dewey Decimal Classification     Fiction Central Library Central Library 24/09/2010 UBH/054/22.7.10/64/1.7.10/27.7.10 299.00   N CAS B-416774 24/09/2010 1 299.00 English Books  
    Dewey Decimal Classification     Fiction Janak Puri Janak Puri 24/09/2010 UBH/054/22.7.10/64/1.7.10/27.7.10 299.00 16 N CAS B-416776 04/12/2021 2 299.00 English Books 2
    Dewey Decimal Classification     Fiction Janak Puri Janak Puri 24/09/2010 UBH/054/22.7.10/64/1.7.10/27.7.10 299.00 36 N CAS B-416777 30/04/2019 2 299.00 English Books 3
    Dewey Decimal Classification     Fiction Karol Bagh Karol Bagh 24/09/2010 UBH/054/22.7.10/64/1.7.10/27.7.10 299.00   N CAS B-416783 24/09/2010 1 299.00 English Books  
  Written-off vide DLB M. No. 383 dt 16.05.19 Dewey Decimal Classification     Fiction Narela Narela 24/09/2010 UBH/054/22.7.10/64/1.7.10/27.7.10 299.00   N CAS B-416784 24/09/2010 1 299.00 English Books  
    Dewey Decimal Classification     Fiction Patel Nagar Patel Nagar 24/09/2010 UBH/054/22.7.10/64/1.7.10/27.7.10 299.00   N CAS B-416775 24/09/2010 1 299.00 English Books  
    Dewey Decimal Classification     Fiction R.K.Puram-8 R.K.Puram-8 24/09/2010 UBH/054/22.7.10/64/1.7.10/27.7.10 299.00 1 N CAS B-416779 21/12/2018 1 299.00 English Books  
    Dewey Decimal Classification     Fiction Sarojini Nagar Sarojini Nagar 24/09/2010 UBH/054/22.7.10/64/1.7.10/27.7.10 299.00   N CAS B-416778 24/09/2010 1 299.00 English Books  
    Dewey Decimal Classification     Fiction Shahdara Branch Shahdara Branch 24/09/2010 UBH/054/22.7.10/64/1.7.10/27.7.10 299.00   N CAS B-416786 24/09/2010 1 299.00 English Books  
    Dewey Decimal Classification     Fiction Sriniwas Puri Sriniwas Puri 24/09/2010 UBH/054/22.7.10/64/1.7.10/27.7.10 299.00 2 N CAS B-416781 28/05/2019 1 299.00 English Books  
    Dewey Decimal Classification     Fiction Vinoba Puri Vinoba Puri 24/09/2010 UBH/054/22.7.10/64/1.7.10/27.7.10 299.00 17 N CAS B-416782 22/03/2022 1 299.00 English Books  

© Delhi Public Library
Hit Counter
free hit counter